| 000 | 01422nam0a2200325 4500 | ||
|---|---|---|---|
| 001 | RU\NLR\BIBL_A\022501575 | ||
| 005 | 20250701115611.0 | ||
| 010 |
_a978-5-6051276-5-9 _9300 |
||
| 021 |
_aRU _bКН-П-25-004221 _9КН-П-25-0408 |
||
| 035 | _a(NLR Aleph) 022501575 | ||
| 090 |
_a13446269 _c13446269 |
||
| 100 | _a20250325d2024 u y0rusy50 ca | ||
| 101 | 0 | _arus | |
| 102 | _aRU | ||
| 105 | _ay z 000ay | ||
| 181 | 0 |
_ai4 _baxxe |
|
| 182 | 0 | _an | |
| 200 | 1 |
_aНе та игра _eроман _fАлексей Михайлов |
|
| 203 |
_aТекст _bвизуальный _cнепосредственный |
||
| 210 |
_aВладимир _cВладимирская областная научная библиотека им. М. Горького _d2024 |
||
| 215 |
_a319 с. _d22 |
||
| 300 | _aНа задней сторонке пер. авт.: Михайлов А. Е., писатель, канд. юрид. наук, доц., авт.-исполнитель | ||
| 320 | _aДругие кн. авт. на задней сторонке пер. | ||
| 686 | 2 | _aШ6(2=Р)8-445 | |
| 700 | 1 |
_7ca _8rus _aМихайлов _bА. Е. _cпоэт, писатель, автор-исполнитель _f1979- _gАлексей Евгеньевич _989448 _3RU\NLR\AUTH\77106523 |
|
| 942 | _cBOOK | ||
| 980 | _aNB | ||